000 00562nam a2200193 4500
001 114331
003 ES-MaACL
005 20250905163359.0
007 t|
008 061121s1972 sp r ||||1| spa d
100 1 _aPámies, Tomás.
_988728
245 1 0 _aTestamento en Praga /
_cTomás y Teresa Pámies ; [traducción Teresa Pámies].
250 _a[1ª ed.].
260 _aBarcelona :
_bDestino,
_c1972.
300 _a252 p. ;
_c19 cm.
700 1 _aPàmies, Teresa,
_d1919-
_9131445
852 _aES-MaACL
_jC-49662
_bR.81819
999 _c114331
_d114331